000
00338nam a2200133Ia 4500
008
240624s9999 xx 000 0 und d
041
_a
eng
082
_a
954 MEH
100
_a
MEHTA SUKETU
245
_a
MAXIMUM CITY BAMBAY LOST AND FOUND
260
_c
2006
_a
New Delhi
_b
Penguin Books
300
_a
584 : p. : cm. ; 19
365
_c
RS
_b
30
999
_c
12856
_d
12856